|
|
|
|
| LEADER |
02218nem a22004332a 4500 |
| 001 |
mzk03001053637 |
| 003 |
CZ BrMZK |
| 005 |
20110624084544.0 |
| 007 |
aj|ca||| |
| 008 |
070823q17171750ne ij|||||a|||r|0|||latod |
| 034 |
1 |
|
|a a
|b 2100000
|d E0010500
|e E0200000
|f N0544100
|g N0445000
|
| 040 |
|
|
|a BOA001
|b cze
|
| 043 |
|
|
|a e-gx---
|a ec-----
|
| 072 |
|
7 |
|a 912:904
|x Staré mapy
|2 Konspekt
|9 7
|
| 080 |
|
|
|a (084.3)
|2 MRF
|
| 080 |
|
|
|a (4-191.2)
|2 MRF
|
| 080 |
|
|
|a (430)
|2 MRF
|
| 080 |
|
|
|a 912.43:069.5
|2 MRF
|
| 100 |
1 |
|
|a Visscher, Nicolaes Jansz.,
|d 1649-1702
|7 ola2011640303
|4 aut
|
| 245 |
1 |
0 |
|a Peraccurata S. Romani Imperii Tabula, comprehendens Regiones vulgo sub Nomine Germaniae Nuncupantes
|h [kartografický dokument] /
|c Amstelaedami nuperrimé edita per Nicolaum Visscher Amst: Bat: Nunc apud Petrum Schenk Iunior
|
| 255 |
|
|
|a Měřítko [ca 1:2 100 000]. 10,6 cm = 30 Milliaria Germanica Communia, sive 2 Gradus latitudinis = 40 Milliaria Hollandica et Gallica, sive horae itineris, 2 Gradus officientes
|c (001°05´00" v.d.--020°00´00" v.d./054°41´00" s.š.--044°50´00" s.š.)
|
| 260 |
|
|
|a Amstelaedami :
|b per Nicolaum Visscher,
|c [mezi 1718 a 1750]
|
| 300 |
|
|
|a 1 mapa :
|b mědirytina, ručně kolorovaná ;
|c 56 x 70,5 cm na listu 65 x 83 cm, složeno na 49 x 54,5 cm
|
| 500 |
|
|
|a Výzdoba: V levém horním rohu draperie s legendou nesená anděly, v levém dolním rohu ozdobný nápisový monument s měřítky obklopený alegorickými postavami, severka, v mapovém rámci geografické souřadnice
|
| 510 |
4 |
|
|a Kuchař, K. Mapová sbírka B.P. Molla,
|c s. 356
|
| 655 |
|
7 |
|a historické mapy
|7 fd186723
|2 czenas
|
| 650 |
0 |
4 |
|a Mollova mapová sbírka
|
| 650 |
0 |
7 |
|a mapové sbírky
|z Česko
|7 ph182407
|2 czenas
|
| 610 |
2 |
7 |
|a Moravská zemská knihovna (Brno, Česko).
|b Mapová sbírka B.P. Molla
|7 mzk2005304487
|2 czenas
|
| 651 |
|
7 |
|a Německo
|7 ge135889
|2 czenas
|
| 651 |
|
7 |
|a Evropa střední
|7 ge137882
|2 czenas
|
| 856 |
4 |
1 |
|u http://mapy.mzk.cz/mzk03/001/053/637/2619316880
|y Digitalizovaný dokument
|
| 903 |
|
|
|a RP
|
| 910 |
|
|
|a BOA001
|b Moll-0003.631
|
| 978 |
|
|
|b Schenk, Peter II
|a Amsterdam
|c 1717-1750
|
| 984 |
|
|
|a Amsterdam
|b Nizozemsko
|
| 985 |
|
|
|a 1701-1750
|
| 990 |
|
|
|a MP
|
| 991 |
|
|
|k mzk
|